000 00310nam a2200145Ia 4500
100 _aKirk/ Rimbos
942 _cBK
654 _ainstrumentation
245 _aInstrumentation
260 _bD.B.Taraporevala
_aBombay
_c1980
082 _a620.0028
_bKIR/RI
300 _a296
546 _aENGLISH
999 _c18403
_d18403